Szczegóły MARC21

Wypisy z podstawowych aktów prawnych dotyczących kultury fizycznej : [skrypt] /

003 -Nazwa inst., której nr kontr. jest w polu 001 [,]
    • @
    • Nazwa instytucji, której n kontrolny jest w polu 001
    • NUKAT
005 -DATA I CZAS OSTATNIEJ MODYFIKACJI [,]
    • @
    • pole kontrolne
    • 20241231092702.0
040 -Instytucja sporządzająca opis [ , ]
    • a
    • Instytucja, która sporządziła opis (NP)
    • SZCZ M/ESZ
    • c
    • Instytucja, która sporządziła rekord (NP)
    • SZCZ M/ESZ
    • d
    • Instytucja, która zmodyfikowała rekord (P)
    • WA U/JKs
    • d
    • Instytucja, która zmodyfikowała rekord (P)
    • KR U/MWs
942 -Rodzaj dokumentu [ , ]
    • c
    • Rodzaj dokumentu
    • Książka
100 -Hasło główne - nazwa osobowa [1, ]
    • a
    • Nazwa osobowa (NP)
    • Jaczynowski, Lech
    • d
    • Daty biograficzne (NP)
    • (1946- ).
    • 9
    • KHW
    • 63958
245 -Strefa tytułu i oznaczenia odpowiedzialności [1,0]
    • a
    • Tytuł
    • Wypisy z podstawowych aktów prawnych dotyczących kultury fizycznej : Find
    • b
    • Ciąg dalszy tytułu (NP)
    • [skrypt] / Find
    • c
    • Pozostałe elementy strefy tytułu i oznaczenia odpowiedzialności (NP)
    • Lech Jaczynowski, Marek Stopczyński, Jolanta Żyśko ; Akademia Wychowania Fizycznego Józefa Piłsudskiego w Warszawie.
260 -Strefa adresu wydawniczego [ , ]
    • a
    • Miejsce wydania (P)
    • Warszawa :
    • b
    • Nazwa wydawcy (P)
    • Wydawnictwo AWF,
    • c
    • Data wydania (P)
    • 2007.
300 -Strefa opisu fizycznego [ , ]
    • a
    • Określenie formy książki i/lub objętość (NP)
    • 196 s. :
    • b
    • Oznaczenie ilustracji (NP)
    • il. kolor. ;
    • c
    • Format (NP)
    • 23 cm.
336 -Typ zawartości [ , ]
    • a
    • Termin opisujący typ zawartości
    • Tekst
    • b
    • Kod określający zawartość
    • txt
    • 2
    • Źródło (terminu i kodu)
    • rdacontent
337 -Typ mediów [ , ]
    • a
    • Tryb odtwarzania
    • Bez urządzenia pośredniczącego
    • b
    • Kod typu mediów
    • n
    • 2
    • Źródło (terminu i kodu)
    • rdamedia
338 -Typ/rodzaj nośnika [ , ]
    • a
    • Hasło opisujące typ nośnika
    • Wolumin
    • b
    • Kod typu nośnika
    • nc
    • 2
    • Źródło (terminu i kodu)
    • rdacarrier
490 -Strefa serii i książki wielotomowej - forma nie do wyszukiwania [1, ]
    • a
    • Tytuł (P)
    • Wydawnictwa Akademii Wychowania Fizycznego Find
830 -Hasło dodatkowe serii i opisu książki wielotomowej - tytuł ujednolicony/tytuł [ ,0]
    • a
    • Tytuł ujednolicony/tytuł (NP)
    • Wydawnictwa Akademii Wychowania Fizycznego
    • 9
    • KHW
    • 18363
500 -Uwaga ogólna [ , ]
    • a
    • Uwaga ogólna (NP)
    • Na s. red. i 4 s. okł. : EAN 9788389630391.
080 -Uniwersalna Klasyfikacja Dziesiętna [ , ]
    • 2
    • Identyfikator wydania tablic
    • UDC-PO58
    • a
    • Symbol klasyfikacji
    • 796
    • b
    • Dopowiedzenie
    • Kultura fizyczna. Sport. Gimnastyka.
    • x
    • Poddział wspólny
    • (094)
    • b
    • Dopowiedzenie
    • Dokumenty prawne. Źródła prawne. Dokumenty i źródła prawne pochodzące od władz ustawodwaczych, wykonawczych i sądowniczych.
    • x
    • Poddział wspólny
    • (438)
    • b
    • Dopowiedzenie
    • Polska.
    • x
    • Poddział wspólny
    • (075.8)
    • b
    • Dopowiedzenie
    • Podręczniki dla szkół wyższych. Skrypty.
650 -Hasło przedmiotowe [ ,7]
    • a
    • Hasło przedmiotowe
    • Sport
    • x
    • Określnik rzeczowy
    • prawo
    • z
    • Określnik geograficzny
    • Polska
    • y
    • Określnik chronologiczny
    • 1990-
    • v
    • Określnik formalny
    • podręczniki akademickie.
    • 2
    • Źródło terminu
    • kaba
    • 9
    • KHW
    • 386547
650 -Hasło przedmiotowe [ ,7]
    • a
    • Hasło przedmiotowe
    • Wychowanie fizyczne
    • x
    • Określnik rzeczowy
    • prawo
    • z
    • Określnik geograficzny
    • Polska
    • x
    • Określnik rzeczowy
    • legislacja.
    • 2
    • Źródło terminu
    • kaba
    • 9
    • KHW
    • 460459
650 -Hasło przedmiotowe [ ,7]
    • a
    • Hasło przedmiotowe
    • Sport
    • x
    • Określnik rzeczowy
    • prawo
    • z
    • Określnik geograficzny
    • Polska
    • x
    • Określnik rzeczowy
    • legislacja.
    • 2
    • Źródło terminu
    • kaba
    • 9
    • KHW
    • 460458
980 -Symbol UKD [ , ]
    • a
    • UKD
    • 796(094)(438)(075.8)
700 -Hasło dodatkowe - nazwa osobowa [1, ]
    • a
    • Nazwa osobowa (NP)
    • Stopczyński, Marek. Find
    • 9
    • KHW
    • 460529
700 -Hasło dodatkowe - nazwa osobowa [1, ]
    • a
    • Nazwa osobowa (NP)
    • Żyśko, Jolanta. Find
    • 9
    • KHW
    • 46857
Numer inwentarzowy Sygnatura Status udost. Lokalizacja Data inwentaryzacji
WM.22293 -3BG2018-08-31
WF.8147Ekonomia i prawo w sporcie 131BM2007-10-12